Complete the Sequences - Statistics

General Stats
  • This quiz has been taken 507 times
  • The average score is 6 of 12
Answer Stats
Answer % Correct
Colors of the Rainbow Yellow
94%
Initials of Days of the Week T
88%
Roman Numerals X
65%
Countries in Alphabetical Order Finland
59%
Summer Olympics Host Cities Athens
46%
Shapes from Square to Octagon He
42%
James Bond Actors Roger
41%
Months of the Year (First and Last Letters Only) Jy
26%
Middle Letters of Numbers (7 to 11) in
25%
Multiply by Three and Add Four 34
23%
Planets Spelled Backwards (Without 1st Letter) Sra
23%
Acronyms of Harry Potter Books GoF
19%
No matching quizzes found
Score Distribution
Percent of People with Each Score
Percentile by Number Answered
Your Score History
You have not taken this quiz